000 00257nam a2200109Ia 4500
008 190911s9999||||xx |||||||||||||| ||und||
100 _aGraham Peirson
245 0 _aBusiness Finance
260 _aNew York
_bMc Graw Hill
_c1995
300 _a835
942 _cBK
999 _c7004
_d7004